Obálka Náhled e-knihy:
PDF Epub
Pro půjčování e-knih musíte být přihlášeni.
Jak si půjčit online?

Básně II /

Sbírka epických básní, která vznikla na podzim 2021 (2.11 až 10.11.2021) v přívalu inspirace po několikaleté tvůrčí přestávce. Některé tvoří příběhy podobné pohádkám (Božena a Bořivoj, Orel apod.), jiné jsou drsnější (Hovno, Politika, Důchodci atd.). Doufám, že vám tato sbírka udělá radost a přinese...

Celý popis

Uloženo v:
Hlavní autor: Kapoun, Oldřich (Autor)
Médium: E-kniha
Jazyk:Czech
Vydáno: Praha : E-knihy jedou, 2021
Tagy:
Žádné tagy
LEADER 01307nam a22002297i 4500
001 311486
007 ta
008 260601s2021 xr ||||| |||| 00| 0 cze d
020 |a 9990003426895 
044 |a xr 
100 1 |a  Kapoun, Oldřich  |4 aut 
245 1 0 |a Básně II /  |c  Kapoun, Oldřich 
264 1 |a Praha :  |b E-knihy jedou,  |c 2021 
300 |a 1 online zdroj (99 stran) 
336 |a text  |b txt  |2 rdacontent 
337 |a bez média  |b n  |2 rdamedia 
338 |a online zdroj  |b cr  |2 rdacarrier 
520 2 |a Sbírka epických básní, která vznikla na podzim 2021 (2.11 až 10.11.2021) v přívalu inspirace po několikaleté tvůrčí přestávce. Některé tvoří příběhy podobné pohádkám (Božena a Bořivoj, Orel apod.), jiné jsou drsnější (Hovno, Politika, Důchodci atd.). Doufám, že vám tato sbírka udělá radost a přinese vám hezké prožitky.Autor 
910 |a RBIT002 
998 |d 342689  |a https://core.palmknihy.cz/api/books/342689/cover?r449gt  |b https://core.palmknihy.cz/api/books/342689/cover/400?r449gt  |c https://core.palmknihy.cz/api/books/342689/cover/50?r449gt  |e   |g 99  |i 9990003426895  |j https://core.palmknihy.cz/api/books/342689/preview.epub  |k https://core.palmknihy.cz/api/books/342689/preview.pdf  |l   |q 49  |r 1  |s https://www.palmknihy.cz/kniha/342689  |t ebook  |y 2021  |z 1 
999 |d 311484